LEADER 01315nam a2200289 u 4500 001 000000106774 003 CaOOAMICUS 005 20070907143133.0 008 070907s1997 fr u010 u fre u 020 $a2-85021-090-0 040 $aPUL$bita$dLDB 100 1 $aHenne, Philippe.$0(OLS)http://pul/name/8749 245 10$aÉtudes égyptologiques et bibliques à la mémoire du Perè B. Couroyer /$csous la direction de Marcel Sigrist. 260 $aParis :$bJ. Gabalda,$c1997. 300 $a123 p. ;$c24 cm 490 1 $aCahiers de la Revue Biblique ; ;$v36 504 $aBibliografia in nota. 600 14$aCouroyer, Père B.,$d1900-1993.$0(OLS)http://pul/subject/33515 650 14$aEgittologia.$0(OLS)http://pul/subject/26912 700 1 $aSigrist, Marcel,$cO.P.$0(OLS)http://pul/name/65572 830 0$aCahiers de la Revue Biblique,$x0575-0741 ;$v36.$0(OLS)http://pul/title/13974 850 $aPUL 852 $aPUL$W1$xSL Religione 1$y3$m10(4) F 36$j120816$qStampati$B119999$CPULBib$Z2$F119999 $H76911 $82 941 1 $a8 996 $6020$a2-85021-090-0$9(OLS)http://pul/number/135490 996 $6245$aÉtudes égyptologiques et bibliques à la mémoire du Perè B. Couroyer$9(OLS)http://pul/title/134425 996 $6260$aParis :$bJ. Gabalda$9(OLS)http://pul/publisher/48260 LEADER 01213nam a2200277 u 4500 001 000000089185 003 CaOOAMICUS 005 20070226124606.0 008 051114s1962 it u000 u ita u 035 $a11068391 040 $aPUL(R)$bita 100 1 $aGoffi, Tullo,$csac.,$d1916-1996.$0(OLS)http://pul/name/3728 245 10$aMorale familiare /$cTullo Goffi. 250 $aNuova edizione riveduta e ampliata. 260 $aBrescia :$bMorcelliana,$cc1962. 300 $a301 p. ;$c19 cm 490 1 $aBiblioteca di scienze religiose (Morcelliana).$aSezione 6, Morale e vita sociale, ;$v2 504 $aContiene note bibliografiche ed indici. 650 4$aReligione e morale.$0(OLS)http://pul/subject/6691 650 4$aMorale.$0(OLS)http://pul/subject/5288 830 0$aBiblioteca di scienze religiose (Morcelliana).$nSezione 6.$pMorale e vita sociale ;$v2.$0(OLS)http://pul/title/11102 850 $aPUL 852 $aPUL$W1$xDP1 Fondo Pastorale$y55$mP9 C 21$j112810$nBK-PRI$b $qFondi$B112810$CPULBib$Z2$F112810 $H $81 941 1 $a1 996 $6245$aMorale familiare$9(OLS)http://pul/title/11101 996 $6260$aBrescia :$bMorcelliana$9(OLS)http://pul/publisher/47854